| 000 | 00492nam a22001937a 4500 | ||
|---|---|---|---|
| 003 | MPLRDC | ||
| 005 | 20220104114104.0 | ||
| 008 | 210129b ||||| |||| 00| 0 eng d | ||
| 020 | _a7-5077-0816-0 | ||
| 082 | _a820.7 MLJ | ||
| 100 | _a陆昕主编 | ||
| 245 |
_a诗坛画苑传世佳话 _c |
||
| 250 | _a一版一刷 | ||
| 260 |
_a _b学苑出版社 _c1994 |
||
| 300 | _b平 | ||
| 490 | _a中国掌故丛书. 1 | ||
| 650 | _a中国文学总论--杂文, 演讲 | ||
| 942 |
_cBK _o820.7 MLJ |
||
| 999 |
_c4720 _d4710 |
||